[Event "Regency Masters 3rd"]
[Site "Ramsgate"]
[Date "1981.12.07"]
[Round "3.8"]
[White "Leverett, Bruce W"]
[Black "Cummings, David H"]
[Result "1-0"]
[WhiteElo "2245"]
[BlackElo "2310"]
[PlyCount "97"]
[EventDate "1981.12.05"]
[EventType "swiss"]
[EventRounds "9"]
[EventCountry "ENG"]
[SourceVersionDate "2021.08.26"]

1. d4 Nf6 2. c4 e6 3. Nc3 Bb4 4. e3 c5 5. Bd3 Nc6 6. Nf3 Bxc3+ 7. bxc3 d6 8. e4
e5 9. d5 Ne7 10. Nh4 h6 11. f4 Ng6 12. Nxg6 fxg6 13. O-O O-O 14. f5 g5 15. a4
a5 16. g4 Nd7 17. Rf2 Nf6 18. h4 Nh7 19. hxg5 Nxg5 20. Rh2 Bd7 21. Kg2 Be8 22.
Be3 Ra6 23. Bc2 Rb6 24. Qc1 Nh7 25. Kg3 Rf6 26. g5 Nxg5 27. Bxg5 hxg5 28. Qh1
Kf7 29. Rh8 Rh6 30. Rxh6 gxh6 31. Qxh6 Qf6 32. Rh1 Qxh6 33. Rxh6 Kg7 34. Re6
Bh5 35. Re7+ Kf6 36. Rh7 Bf7 37. Bd1 Rb1 38. Bf3 Rc1 39. Rh6+ Kg7 40. Rxd6 Rxc3
41. Kg4 Bh5+ 42. Kxh5 Rxf3 43. Re6 g4 44. Kxg4 Rf4+ 45. Kg5 Rxe4 46. Re7+ Kf8
47. Kf6 Rxc4 48. Rxb7 Kg8 49. d6 1-0

[Event "Regency Masters 3rd"]
[Site "Ramsgate"]
[Date "1981.12.07"]
[Round "3.9"]
[White "Nunn, John DM"]
[Black "King, Daniel J"]
[Result "1/2-1/2"]
[WhiteElo "2580"]
[BlackElo "2320"]
[PlyCount "88"]
[EventDate "1981.12.05"]
[EventType "swiss"]
[EventRounds "9"]
[EventCountry "ENG"]
[SourceTitle "BritBase"]
[Source "John Saunders"]
[SourceDate "2020.09.07"]
[SourceVersion "1"]
[SourceVersionDate "2020.09.07"]
[SourceQuality "2"]

1. e4 c5 2. Nf3 Nc6 3. d4 cxd4 4. Nxd4 Nf6 5. Nc3 e6 6. Ndb5 d6 7. Bf4 e5 8.
Bg5 a6 9. Na3 b5 10. Nd5 Be7 11. Bxf6 Bxf6 12. c3 O-O 13. Nc2 Rb8 14. g3 Bg5
15. Bg2 a5 16. O-O Ne7 17. Nce3 Bxe3 18. Nxe3 Be6 19. Qd2 Qb6 20. Rfd1 Rfd8 21.
b3 b4 22. Rac1 Rd7 23. Rc2 Rbd8 24. Qc1 h6 25. Rcd2 Qc5 26. Rd3 bxc3 27. Rxc3
Qb5 28. Qc2 Ra8 29. Bf1 Qb7 30. a4 Rc8 31. Bc4 Qb4 32. Rdd3 Bxc4 33. Nxc4 Rcd8
34. Qd2 Nc6 35. Ne3 Nd4 36. Nd5 Qb7 37. g4 f6 38. Kg2 Rf7 39. Qe3 Rc8 40. Rxc8+
Qxc8 41. h3 Qc2 42. Rc3 Qd1 43. Rd3 Qc2 44. Rc3 Qd1 {Sources: bulletin; BCM,
Feb 1982, p69} 1/2-1/2

[Event "Regency Masters 3rd"]
[Site "Ramsgate"]
[Date "1981.12.07"]
[Round "3.10"]
[White "Taulbut, Shaun M"]
[Black "Friedgood, David"]
[Result "1-0"]
[WhiteElo "2420"]
[BlackElo "2315"]
[PlyCount "79"]
[EventDate "1981.12.05"]
[EventType "swiss"]
[EventRounds "9"]
[EventCountry "ENG"]
[SourceVersionDate "2021.08.26"]

1. Nf3 Nf6 2. d4 g6 3. Bf4 Bg7 4. e3 O-O 5. h3 d6 6. Be2 c5 7. c3 b6 8. O-O Bb7
9. Nbd2 Nbd7 10. a4 Ne4 11. Nxe4 Bxe4 12. Qb3 e5 13. dxe5 Nxe5 14. Bxe5 dxe5
15. Rfd1 Qe7 16. Nd2 Bc6 17. Bb5 Qb7 18. Bxc6 Qxc6 19. Qb5 Qe6 20. Qc4 Qxc4 21.
Nxc4 Rfd8 22. e4 f6 23. Ne3 Kf7 24. Kf1 Bh6 25. Nd5 Rab8 26. c4 Rd7 27. Ke2 Ke6
28. h4 f5 29. f3 Rf7 30. Nc3 Bf8 31. Rd5 h5 32. Rad1 Rbb7 33. Rd8 Be7 34. Rg8
Bxh4 35. Rxg6+ Rf6 36. Rg8 Rh6 37. exf5+ Kxf5 38. Rh1 Bg5 39. Ne4 Bf4 40. g3
1-0

[Event "Regency Masters 3rd"]
[Site "Ramsgate"]
[Date "1981.12.07"]
[Round "3.11"]
[White "Formanek, Edward W"]
[Black "Plaskett, H James"]
[Result "1-0"]
[WhiteElo "2370"]
[BlackElo "2410"]
[PlyCount "79"]
[EventDate "1981.12.05"]
[EventType "swiss"]
[EventRounds "9"]
[EventCountry "ENG"]
[SourceVersionDate "2021.08.26"]

1. e4 c5 2. Nf3 d6 3. d4 cxd4 4. Nxd4 Nf6 5. Nc3 e6 6. g4 h6 7. Rg1 Nc6 8. h4
h5 9. g5 Ng4 10. Nb3 a6 11. Qe2 b5 12. f3 Nge5 13. f4 Nc4 14. a4 Qb6 15. Rg3
Rb8 16. axb5 axb5 17. Nxb5 Qxb5 18. Qxc4 Qxc4 19. Bxc4 Nb4 20. Kd1 Be7 21. Nd4
O-O 22. c3 d5 23. Be2 Bc5 24. Nb3 Bf2 25. Rg2 Nc6 26. Rxf2 Rxb3 27. Bxh5 dxe4
28. Re2 Ne7 29. Rxe4 Nf5 30. Rc4 Rb6 31. Ra8 Ba6 32. Rxf8+ Kxf8 33. Rc7 g6 34.
Be2 Nxh4 35. b4 Rd6+ 36. Ke1 Bxe2 37. Kxe2 Nf5 38. b5 Ng3+ 39. Kf2 Rd3 40. b6
1-0

[Event "Regency Masters 3rd"]
[Site "Ramsgate"]
[Date "1981.12.07"]
[Round "3.12"]
[White "Regan, Kenneth"]
[Black "Lee, Graham D"]
[Result "1/2-1/2"]
[WhiteElo "2405"]
[BlackElo "2360"]
[PlyCount "58"]
[EventDate "1981.12.05"]
[EventType "swiss"]
[EventRounds "9"]
[EventCountry "ENG"]
[SourceVersionDate "2021.08.26"]

1. e4 e6 2. d4 d5 3. e5 c5 4. c3 Nc6 5. Nf3 Qb6 6. a3 c4 7. Nbd2 Na5 8. g3 Bd7
9. h4 h5 10. Bh3 Be7 11. O-O Nh6 12. Ng5 g6 13. Re1 Bxg5 14. hxg5 Nf5 15. Nf1
O-O-O 16. Ne3 Rh7 17. Bxf5 gxf5 18. Ng2 Qb3 19. Qe2 Rg8 20. f3 Ba4 21. Be3 Qc2
22. Kf2 Nc6 23. Rh1 Ne7 24. Qxc2 Bxc2 25. Rac1 Ba4 26. Nf4 Rgh8 27. Rh3 Ng6 28.
Rch1 Nxf4 29. Bxf4 Bc2 1/2-1/2

[Event "Regency Masters 3rd"]
[Site "Ramsgate"]
[Date "1981.12.07"]
[Round "3.13"]
[White "Kovacevic, Vlatko"]
[Black "Nokes, Roger I"]
[Result "1-0"]
[WhiteElo "2485"]
[BlackElo "2315"]
[PlyCount "71"]
[EventDate "1981.12.05"]
[EventType "swiss"]
[EventRounds "9"]
[EventCountry "ENG"]
[SourceVersionDate "2021.08.26"]

1. d4 Nf6 2. Nf3 c5 3. e3 e6 4. Bd3 Nc6 5. O-O d5 6. Nc3 Be7 7. a3 c4 8. Be2
O-O 9. Ne5 Nd7 10. Nxd7 Qxd7 11. f4 f5 12. g4 g6 13. Kh1 Kh8 14. Rg1 b6 15. Bf3
Bb7 16. gxf5 gxf5 17. Ne2 Rg8 18. Bd2 Rxg1+ 19. Nxg1 Nd8 20. Bh5 Bf6 21. Nf3
Nf7 22. Be1 Bc6 23. Qe2 Rg8 24. Bh4 Bxh4 25. Bxf7 Qxf7 26. Nxh4 Be8 27. Nf3 Qe7
28. Qf2 Bh5 29. Ne5 a5 30. h3 b5 31. Kh2 Bg6 $2 (31... b4 $11) 32. Rg1 $14 Rg7
$6 33. Qe1 Qc7 $2 34. Qh4 $1 $18 Kg8 35. Qh6 Qe7 36. h4 1-0

[Event "Regency Masters 3rd"]
[Site "Ramsgate"]
[Date "1981.12.07"]
[Round "3.14"]
[White "Iskov, Gert"]
[Black "Hodgson, Julian M"]
[Result "0-1"]
[WhiteElo "2420"]
[BlackElo "2370"]
[PlyCount "88"]
[EventDate "1981.12.05"]
[EventType "swiss"]
[EventRounds "9"]
[EventCountry "ENG"]
[SourceVersionDate "2021.08.26"]

1. e4 c6 2. d4 d5 3. Nd2 dxe4 4. Nxe4 Nf6 5. Nxf6+ gxf6 6. c3 Bf5 7. Nf3 Qc7 8.
g3 Nd7 9. Bg2 O-O-O 10. O-O e6 11. b4 Be4 12. Qe2 f5 13. a4 h5 14. b5 Bd6 15.
Ba3 Rdg8 16. Bxd6 Qxd6 17. Nh4 Bxg2 18. Kxg2 Rg4 19. Qf3 Rhg8 20. bxc6 Qxc6 21.
Qxc6+ bxc6 22. Kf3 Nf6 23. Rfc1 Ne4 24. Ke2 Rxh4 25. gxh4 Rg2 26. Rg1 Rxf2+ 27.
Ke3 Rxh2 28. Rh1 Rc2 29. Rac1 Rg2 30. Rcg1 Rc2 31. Rc1 Rg2 32. Rcg1 Rc2 33. Rg7
$2 (33. Rc1 $11) 33... Rxc3+ 34. Kf4 f6 35. Rh2 Rd3 36. Rc2 $4 (36. d5 $1 Rxd5
37. Rxa7 $11) 36... Nc3 $19 37. Rxc3 $8 Rxc3 38. Rxa7 Rh3 39. Rf7 Rxh4+ 40. Ke3
Rh3+ 41. Ke2 Ra3 42. Rxf6 Rxa4 43. Rxe6 Kd7 44. d5 Re4+ 0-1

[Event "Regency Masters 3rd"]
[Site "Ramsgate"]
[Date "1981.12.07"]
[Round "3.15"]
[White "Flear, Glenn C"]
[Black "Manouck, Thierry"]
[Result "1/2-1/2"]
[WhiteElo "2385"]
[BlackElo "2400"]
[PlyCount "95"]
[EventDate "1981.12.05"]
[EventType "swiss"]
[EventRounds "9"]
[EventCountry "ENG"]
[SourceVersionDate "2021.08.26"]

1. d4 Nf6 2. c4 d6 3. Nc3 e5 4. Nf3 e4 5. Ng5 Qe7 6. Qc2 Bf5 7. g4 Bg6 8. Bg2
Nc6 9. d5 Ne5 10. Ngxe4 Nxe4 11. Nxe4 Nxg4 12. h3 Ne5 13. O-O Nd7 14. f4 Bxe4
15. Bxe4 g6 16. Bg2 Bg7 17. Bd2 O-O 18. Rae1 Rac8 19. Kh1 c6 20. dxc6 bxc6 21.
Rf3 f5 22. e4 fxe4 23. Rxe4 Qf7 24. Rfe3 Qf5 25. Qc1 Bf6 26. Bb4 Nc5 27. Bxc5
Qxc5 28. Qd2 a5 29. b3 d5 30. cxd5 cxd5 31. Re6 d4 32. Re1 Kh8 33. Qe2 Qc3 34.
Rd1 Qg3 35. Qe4 Bg7 36. Re7 Qxf4 37. Qb7 Rb8 38. Qa7 Qh6 39. Qxa5 Rbd8 40. Qc7
Bf6 41. Rd7 Rxd7 42. Qxd7 Be5 43. Rf1 Rxf1+ 44. Bxf1 Qe3 45. Qe8+ Kg7 46. Qe7+
Kh6 47. Qh4+ Kg7 48. Qe7+ 1/2-1/2

[Event "Regency Masters 3rd"]
[Site "Ramsgate"]
[Date "1981.12.07"]
[Round "3.16"]
[White "Povah, Nigel Edward"]
[Black "Fischdick, Gisela"]
[Result "0-1"]
[WhiteElo "2375"]
[BlackElo "2220"]
[PlyCount "102"]
[EventDate "1981.12.05"]
[EventType "swiss"]
[EventRounds "9"]
[EventCountry "ENG"]
[SourceVersionDate "2021.08.26"]

1. d4 Nf6 2. c4 e6 3. Nc3 Bb4 4. Qc2 c5 5. dxc5 Na6 6. a3 Bxc3+ 7. Qxc3 Nxc5 8.
f3 O-O 9. b4 Na6 10. Bb2 d5 11. c5 Bd7 12. e3 Rc8 13. Nh3 Nc7 14. Bd3 Nce8 15.
Qe5 Qc7 16. Qg5 h6 17. Qg3 (17. Qh4 $5 $16) 17... Qxg3+ 18. hxg3 $14 Nh7 19. g4
f6 20. Nf4 Nc7 21. Rd1 Rcd8 22. Kf2 Ba4 23. Rd2 Ng5 24. Ne2 Ne4+ 25. fxe4 dxe4
26. Nc3 Bc6 27. Nxe4 Bxe4 28. Rhd1 f5 29. Bxe4 fxe4+ 30. Ke2 Nd5 31. Rd4 Rd7
32. Rxe4 Rdf7 33. Kd3 Rf2 34. Bd4 Rxg2 35. Rxe6 Rxg4 36. Kc4 $16 Rd8 37. b5 Rg5
38. Rd3 (38. Rd6 $1 Nb6+ 39. cxb6 $1 Rxd6 40. bxa7 Rd8 41. Bb6 $18) 38... Rg4
39. Re5 Nf6 40. c6 Rc8 41. Rc5 bxc6 42. Rxc6 Rb8 43. a4 h5 44. Kb3 Rb7 45. Ra6
Kh7 46. Bxa7 h4 47. Bd4 h3 48. Be5 $4 (48. Rd1 $18) 48... Nd7 $1 $19 49. Rxd7
Rxd7 50. Rd6 Re7 $1 51. Bf4 g5 0-1

[Event "Regency Masters 3rd"]
[Site "Ramsgate"]
[Date "1981.12.07"]
[Round "3.20"]
[White "Schiller, Eric Andrew"]
[Black "Da Cunha, Marcos Paolozzi"]
[Result "1-0"]
[WhiteElo "2235"]
[BlackElo "2325"]
[PlyCount "83"]
[EventDate "1981.12.05"]
[EventType "swiss"]
[EventRounds "9"]
[EventCountry "ENG"]
[SourceTitle "BritBase"]
[Source "John Saunders"]
[SourceDate "2020.09.07"]
[SourceVersion "1"]
[SourceVersionDate "2020.09.07"]
[SourceQuality "2"]

1. e4 c5 2. Nc3 e6 3. Nge2 d6 4. d4 cxd4 5. Nxd4 a6 6. Be3 Nf6 7. g4 h5 (7...
h6) 8. g5 Ng4 9. Bc1 Qb6 10. h3 Ne5 11. Be2 g6 12. Nb3 Nbc6 13. f4 (13. Be3)
13... Nd7 14. Rf1 Qc7 15. Be3 b5 16. f5 Nde5 17. Nd4 Bd7 18. fxe6 fxe6 19. Rf6
Nd8 $2 (19... Nxd4) 20. Rxg6 $1 $16 Nxg6 21. Bxh5 Nf7 22. Bxg6 Rxh3 23. Bxf7+ (
23. Kd2 $1 $16 {Stockfish 14}) 23... Kxf7 24. Qe2 Qc4 25. Qf2+ Kg8 26. g6 Bg7
$4 (26... e5 $1 $19) 27. Qf7+ Kh8 28. O-O-O $1 $18 Be8 29. Qxe6 $2 (29. Qe7 $1
$18) 29... Qxe6 30. Nxe6 Rxe3 $4 (30... Bxc3 31. bxc3 Rxe3 32. Rh1+ Kg8 33. Rh7
Bxg6 34. Rg7+ Kh8 35. Rxg6 Rxc3 $17) 31. Rh1+ Kg8 32. Nd5 Bxg6 33. Nxe3 Bxe4
34. Rg1 Ra7 35. Rg4 Bh7 $2 (35... d5 36. Kd2 $14) 36. Nd5 $18 Kh8 37. Nxg7 Rxg7
38. Rxg7 Kxg7 39. Nc7 Kf6 40. Nxa6 Ke5 41. Nc7 Kd4 42. Nxb5+ {Black was known
as Marcos Paolozzi in the tournament & FIDE rating list at that time} 1-0

[Event "Regency Masters 3rd"]
[Site "Ramsgate"]
[Date "1981.12.07"]
[Round "3.21"]
[White "Pliester, Leon"]
[Black "Kuligowski, Adam"]
[Result "1/2-1/2"]
[WhiteElo "2330"]
[BlackElo "2405"]
[PlyCount "73"]
[EventDate "1981.12.05"]
[EventType "swiss"]
[EventRounds "9"]
[EventCountry "ENG"]
[SourceTitle "BritBase"]
[Source "John Saunders"]
[SourceDate "2020.09.07"]
[SourceVersion "1"]
[SourceVersionDate "2020.09.07"]
[SourceQuality "2"]

1. d4 Nf6 2. c4 c5 3. d5 e6 4. Nc3 exd5 5. cxd5 d6 6. e4 g6 7. f4 Bg7 8. Bb5+
Nfd7 9. a4 O-O 10. Nf3 Na6 11. O-O Nc7 12. Bc4 a6 13. e5 (13. Re1) 13... dxe5
14. d6 Ne8 (14... Ne6) 15. Ng5 e4 16. Be3 h6 $2 (16... Ndf6 $5) 17. f5 $5 (17.
Nxf7 $1 Rxf7 18. Bxf7+ Kxf7 19. Qd5+ Kf8 20. f5 g5 21. f6 Nexf6 22. Nxe4 Qe8
23. Bxc5 $18) 17... hxg5 18. fxg6 Ne5 19. Qh5 Nxg6 20. Qxg6 $18 Nxd6 21. Rxf7
Rxf7 22. Rf1 Qf8 23. Bxc5 $2 (23. Rxf7 $142 $1 Qxf7 (23... Nxf7 24. Nxe4 $18)
24. Bxf7+ Nxf7 25. Nd5 $18) 23... Nxc4 $1 24. Bxf8 Rxf1+ 25. Kxf1 Kxf8 26. Nxe4
Ne5 27. Qd6+ Kg8 $2 (27... Ke8 $1 28. Nxg5 Bd7 $16) 28. Qd8+ Kh7 29. Nxg5+ (29.
Nd6 $18) 29... Kg6 30. h4 Bf6 31. Qd6 $2 (31. Qg8+ Kf5 32. Qh7+ $18) 31... Bf5
32. Nf3 $2 (32. Nh7 $5 Ng4 33. Nxf6 Nxf6 34. h5+ Kg5 35. Qe7 Rg8 $13) 32...
Nxf3 33. gxf3 Rd8 34. h5+ Kf7 35. Qf4 Bd3+ 36. Kf2 Rd7 37. h6 1/2-1/2

[Event "Regency Masters 3rd"]
[Site "Ramsgate"]
[Date "1981.12.07"]
[Round "3.22"]
[White "Bohm, Hans"]
[Black "Westerinen, Heikki MJ"]
[Result "0-1"]
[WhiteElo "2390"]
[BlackElo "2425"]
[PlyCount "82"]
[EventDate "1981.12.05"]
[EventType "swiss"]
[EventRounds "9"]
[EventCountry "ENG"]
[SourceVersionDate "2021.08.26"]

1. d4 d5 2. c4 c6 3. Nf3 Nf6 4. Nc3 e6 5. Qb3 Be7 6. Bg5 O-O 7. e3 Nbd7 8. Rc1
a6 9. cxd5 exd5 10. Bd3 Re8 11. O-O Nf8 12. Bb1 (12. Na4) 12... Ne6 13. Bh4 g6
14. Rfe1 Ng7 15. e4 $6 Nxe4 16. Bxe7 Rxe7 17. Nxe4 (17. Bxe4 $5 dxe4 18. Nxe4)
17... dxe4 18. Bxe4 Be6 19. Qb4 Bf5 20. Bxf5 Nxf5 21. Re5 Rxe5 22. dxe5 Qe7 23.
Qf4 Rd8 24. h4 c5 25. Re1 b5 26. h5 Nd4 27. hxg6 hxg6 28. Re4 Nxf3+ 29. Qxf3
Qe6 30. Qe3 Rd5 31. b3 Kg7 32. Kh2 a5 33. g3 Kg8 34. Qe2 b4 35. Qb5 Kg7 36. Qe2
Rd4 37. Re3 $2 (37. Rxd4 cxd4 38. Qe4 Qd7 39. Qd3 Qd5 40. f4 $11) 37... a4 $15
38. bxa4 c4 39. a5 c3 40. Rd3 $4 (40. Re4 $5 Rxe4 41. Qxe4 Qxa2 42. Qf4 $1 Qxa5
43. Qf6+ Kf8 44. e6 Qf5 45. Qd8+ Kg7 46. e7 Qxf2+ 47. Kh3 $11) 40... Rxd3 (
40... Qc4 $1 41. e6 Qxd3 42. Qxd3 Rxd3 43. e7 c2 44. e8=Q c1=Q 45. Qe5+ Kh7 $19
) 41. Qxd3 Qxa2 (41... Qxa2 {Premature resignation.} 42. Qd4 $1 {when} Qd2 $1 {
wins for Black but it requires a considerable degree of precision.}) 0-1

[Event "Regency Masters 3rd"]
[Site "Ramsgate"]
[Date "1981.12.08"]
[Round "4.1"]
[White "Fedorowicz, John P"]
[Black "Nykopp, Jan Michael F"]
[Result "1-0"]
[WhiteElo "2465"]
[BlackElo "2260"]
[PlyCount "71"]
[EventDate "1981.12.05"]
[EventType "swiss"]
[EventRounds "9"]
[EventCountry "ENG"]
[SourceVersionDate "2021.08.26"]

1. e4 c5 2. Nf3 e6 3. d4 cxd4 4. Nxd4 a6 5. Bd3 Nc6 6. Nxc6 dxc6 7. O-O Qc7 8.
f4 b5 9. a4 Bb7 10. Qe2 Nf6 11. Nc3 b4 12. Nd1 (12. e5) 12... a5 13. Ne3 Nd7
14. Ng4 Ba6 (14... Bc5+ 15. Kh1 h5 16. Nf2 O-O-O $14) 15. Bxa6 Qb6+ 16. Be3
Qxa6 17. Qf3 $16 Be7 18. Rad1 Rd8 19. f5 c5 20. Rd2 (20. Qg3 $16) 20... h5 21.
Nf2 O-O $5 22. Qg3 (22. Qxh5 Qc6 $44) 22... Bf6 23. Rfd1 h4 24. Qf4 e5 $6 (
24... Ne5 $5 25. Rxd8 $140 Rxd8 26. Rxd8+ Bxd8 27. Qxe5 Qe2 $11) 25. Qf3 Nb8
26. Ng4 Rxd2 27. Rxd2 Qc6 28. h3 c4 29. Rd5 $18 Rd8 30. Rxa5 Nd7 31. Rd5 Qxa4
32. Nxf6+ gxf6 33. Qg4+ Kh7 34. Qxh4+ Kg8 35. Bh6 Kh7 36. Bg5+ 1-0

[Event "Regency Masters 3rd"]
[Site "Ramsgate"]
[Date "1981.12.08"]
[Round "4.2"]
[White "Conquest, Stuart"]
[Black "Hartoch, Robert G"]
[Result "0-1"]
[WhiteElo "2220"]
[BlackElo "2390"]
[PlyCount "116"]
[EventDate "1981.12.05"]
[EventType "swiss"]
[EventRounds "9"]
[EventCountry "ENG"]
[SourceVersionDate "2021.08.26"]

1. d4 Nf6 2. c4 c5 3. Nf3 cxd4 4. Nxd4 e6 5. g3 Bb4+ 6. Bd2 Bc5 7. Nb3 Be7 8.
Bg2 Nc6 9. O-O O-O 10. Bc3 d6 11. e4 Rb8 12. a4 b6 13. Na3 Bb7 14. Re1 a6 15.
Nd4 Nd7 16. Nac2 Qc7 17. Ne3 Nxd4 18. Bxd4 Bf6 19. Rc1 Bxd4 20. Qxd4 Nc5 21.
Qd1 Nxe4 22. Bxe4 Bxe4 23. Nd5 exd5 24. cxd5 Qe7 25. Qd4 f5 26. f3 Qg5 27. fxe4
f4 28. Kg2 b5 29. a5 f3+ 30. Kh1 Rbe8 31. Rc2 Rf7 32. Rf2 Qg4 33. Qd3 Rfe7 34.
Qxf3 Qxf3+ 35. Rxf3 Rxe4 36. Rxe4 Rxe4 37. Kg2 Ra4 38. Rc3 Rxa5 39. Rc6 Ra2 40.
Kh3 a5 41. b3 Ra3 42. Kg4 Kf7 43. Kf5 g6+ 44. Ke4 Rxb3 45. Rxd6 a4 46. Ra6 a3
47. Ke5 b4 48. Ra7+ Ke8 49. d6 Rb2 50. Ke6 Re2+ 51. Kd5 a2 52. Ra8+ Kd7 53.
Ra7+ Kc8 54. d7+ Kd8 55. Kc6 Ke7 56. Ra8 Rc2+ 57. Kb5 Kxd7 58. Kxb4 Rxh2 0-1

[Event "Regency Masters 3rd"]
[Site "Ramsgate"]
[Date "1981.12.08"]
[Round "4.3"]
[White "Berg, Klaus"]
[Black "Leverett, Bruce W"]
[Result "1-0"]
[WhiteElo "2295"]
[BlackElo "2245"]
[PlyCount "85"]
[EventDate "1981.12.05"]
[EventType "swiss"]
[EventRounds "9"]
[EventCountry "ENG"]
[SourceVersionDate "2021.08.26"]

1. Nf3 d5 2. d4 Nf6 3. c4 dxc4 4. e3 Bg4 5. Bxc4 e6 6. O-O a6 7. Nc3 Nc6 8. h3
Bh5 9. Be2 Bd6 10. b3 Qe7 11. Bb2 Rd8 12. Rc1 Bg6 (12... O-O 13. Ne5 Nxe5 14.
Bxh5 Ng6 15. Bxg6 hxg6 16. Qf3 {Giri,A (2785)-Carlsen,M (2855), Bilbao 2016 
(½-½, 62)}) 13. Nh4 e5 14. Nxg6 hxg6 15. Na4 e4 $6 16. Nc5 Bxc5 17. Rxc5 Qd7
$2 18. Qc1 $16 Nd5 19. Bxa6 (19. f3 $1) 19... bxa6 20. Rxc6 Rxh3 21. Ba3 Rh8
22. Qc5 f6 23. f3 $1 exf3 24. Rxf3 Kf7 25. e4 Qe8 26. Qc2 Rh4 27. exd5 $1 Qe1+
28. Rf1 Rh1+ 29. Kxh1 Qxf1+ 30. Kh2 Rh8+ 31. Kg3 Rh5 32. Rxc7+ Kg8 33. Bc1 Qe1+
34. Qf2 Qe4 35. Bf4 g5 36. Be5 $1 f5 37. Rxg7+ Kf8 38. Qd2 Qh4+ 39. Kf3 Qe4+
40. Kf2 Qh4+ 41. Bg3 Qg4 42. Rc7 a5 43. Qe3 1-0

[Event "Regency Masters 3rd"]
[Site "Ramsgate"]
[Date "1981.12.08"]
[Round "4.4"]
[White "Jacobs, Byron A"]
[Black "Law, Andrew P"]
[Result "0-1"]
[WhiteElo "2245"]
[BlackElo "2380"]
[PlyCount "62"]
[EventDate "1981.12.05"]
[EventType "swiss"]
[EventRounds "9"]
[EventCountry "ENG"]
[SourceVersionDate "2021.08.26"]

1. e4 c5 2. f4 Nc6 3. Nf3 e6 4. Bb5 Nge7 5. O-O a6 6. Be2 d5 7. d3 g6 8. c3 Bg7
9. a4 O-O 10. Na3 b5 11. Nc2 b4 12. e5 d4 13. cxb4 cxb4 14. Qe1 a5 15. Nd2 f6
16. exf6 Rxf6 17. Ne4 Rf8 18. Bf3 Nd5 19. Bd2 Ra7 20. Qg3 Nce7 21. Kh1 Nf5 22.
Qf2 Rc7 23. Rac1 Nfe3 24. Nxe3 dxe3 25. Bxe3 Nxe3 26. Qxe3 Bxb2 27. Rxc7 Qxc7
28. Bd1 Bc1 29. Qd4 Rxf4 30. Bf3 b3 31. g3 b2 0-1

[Event "Regency Masters 3rd"]
[Site "Ramsgate"]
[Date "1981.12.08"]
[Round "4.5"]
[White "Cox, John J"]
[Black "Taulbut, Shaun M"]
[Result "0-1"]
[WhiteElo "2275"]
[BlackElo "2420"]
[PlyCount "78"]
[EventDate "1981.12.05"]
[EventType "swiss"]
[EventRounds "9"]
[EventCountry "ENG"]
[SourceVersionDate "2021.08.26"]

1. c4 Nf6 2. Nc3 g6 3. g3 Bg7 4. Bg2 d6 5. Nf3 O-O 6. O-O Nc6 7. d3 e5 8. Rb1
a5 9. b3 Nd7 10. Bb2 Nc5 11. a3 Bg4 12. Nb5 Qd7 13. d4 exd4 14. Nbxd4 Ne5 15.
Nxe5 $2 dxe5 16. Nb5 (16. Nf3 $2 Qxd1 17. Rbxd1 (17. Rfxd1 Bf5 $1 $17) 17...
Nxb3 $17) 16... Qxd1 17. Rfxd1 Bxe2 18. Re1 $2 (18. Rd2 Bd3 19. Rbd1 c6 $15)
18... Bd3 19. Rbd1 c6 (19... Bc2 $17) 20. b4 $6 (20. Bxe5 $1 $15) 20... axb4
21. axb4 Na4 22. Ba1 $2 (22. Bxe5 $5) 22... Rfd8 23. Na3 Nb6 (23... Bf8) 24. c5
Nc4 $6 (24... Na4 $17) 25. Rxd3 Nxa3 26. Rxd8+ Rxd8 27. Bxe5 Nc2 28. Rc1 Nxb4
29. Bd6 Bf8 30. Rb1 Na6 31. Bxf8 Kxf8 32. Rxb7 Rd1+ 33. Bf1 Nxc5 34. Rc7 Ne4
35. Kg2 Rd2 36. Kf3 f5 37. Bc4 $4 (37. Be2 $1 $13) 37... Rxf2+ 38. Ke3 Rxh2 39.
g4 Nd6 0-1

[Event "Regency Masters 3rd"]
[Site "Ramsgate"]
[Date "1981.12.08"]
[Round "4.7"]
[White "Fischdick, Gisela"]
[Black "Kovacevic, Vlatko"]
[Result "0-1"]
[WhiteElo "2220"]
[BlackElo "2485"]
[PlyCount "92"]
[EventDate "1981.12.05"]
[EventType "swiss"]
[EventRounds "9"]
[EventCountry "ENG"]
[SourceTitle "BritBase"]
[Source "John Saunders"]
[SourceDate "2020.09.07"]
[SourceVersion "1"]
[SourceVersionDate "2020.09.07"]
[SourceQuality "2"]

1. e4 Nf6 2. Nc3 e5 3. Nf3 Nc6 4. Bb5 Bb4 5. d3 d6 6. O-O O-O 7. Ne2 Bg4 8. c3
Bc5 9. Ng3 Nh5 10. Nxh5 Bxh5 11. Be3 (11. h3) 11... Bb6 12. a4 $6 (12. h3)
12... f5 $1 $17 13. Qb3+ Kh8 14. Bxc6 bxc6 15. a5 Bxe3 16. fxe3 fxe4 17. dxe4
Rb8 18. Qc2 c5 (18... Bxf3 $1 19. gxf3 Qg5+ 20. Kh1 Qxe3 $17) 19. Kh1 Qd7 20.
Nh4 Qb5 $17 21. Rxf8+ Rxf8 22. Nf5 Be2 $1 23. Ng3 Bd3 24. Qc1 c4 $1 $19 25. Qd2
Rb8 26. Rg1 Qxb2 27. Qd1 Qf2 28. Qg4 Qf7 29. h3 g6 30. Kh2 h5 31. Qg5 Kh7 32.
a6 Rf8 33. Ra1 Qf6 34. Qxf6 Rxf6 35. Ra2 h4 36. Nh1 Bxe4 (36... Rf1 37. Nf2 Rc1
$19) 37. Nf2 Bc6 38. Rb2 g5 39. Ng4 (39. Kg1) 39... Rf1 40. Rb4 Ra1 41. Rxc4
Rxa6 42. e4 Kg6 43. Ne3 Rb6 44. Nd5 Bxd5 45. exd5 Rb7 46. Rc6 Kf5 0-1

[Event "Regency Masters 3rd"]
[Site "Ramsgate"]
[Date "1981.12.08"]
[Round "4.8"]
[White "Nunn, John DM"]
[Black "Van der Sterren, Paul"]
[Result "0-1"]
[WhiteElo "2580"]
[BlackElo "2420"]
[PlyCount "58"]
[EventDate "1981.12.05"]
[EventType "swiss"]
[EventRounds "9"]
[EventCountry "ENG"]
[SourceTitle "BritBase"]
[Source "John Saunders"]
[SourceDate "2020.09.07"]
[SourceVersion "1"]
[SourceVersionDate "2020.09.07"]
[SourceQuality "2"]

1. e4 g6 2. d4 Bg7 3. Nc3 d6 4. f4 Nf6 5. Nf3 O-O 6. Bd3 Na6 7. O-O c5 8. d5
Rb8 9. Qe1 Nb4 10. Qh4 b5 11. a3 Nxd3 12. cxd3 Bg4 13. f5 Qc8 14. Bh6 Bxf3 15.
Rxf3 b4 16. axb4 cxb4 17. Nd1 Qc5+ 18. Nf2 (18. Be3 $11) 18... Bxh6 19. Qxh6
Qd4 20. Rf1 b3 21. Rh3 Rfc8 22. Kh1 $2 (22. g4 $5) 22... Qxb2 $19 23. Ng4 Nxg4
24. Qxh7+ Kf8 25. fxg6 Qg7 26. Rh4 b2 27. Rxg4 b1=Q 28. Qxg7+ Kxg7 29. gxf7+
Kh6 0-1

[Event "Regency Masters 3rd"]
[Site "Ramsgate"]
[Date "1981.12.08"]
[Round "4.9"]
[White "Kosten, Anthony C"]
[Black "Formanek, Edward W"]
[Result "1-0"]
[WhiteElo "2315"]
[BlackElo "2370"]
[PlyCount "57"]
[EventDate "1981.12.05"]
[EventType "swiss"]
[EventRounds "9"]
[EventCountry "ENG"]
[SourceVersionDate "2021.08.26"]

1. e4 c5 2. Nf3 d6 3. d4 cxd4 4. Nxd4 Nf6 5. Nc3 a6 6. Bg5 e6 7. f4 Qc7 8. Qf3
b5 9. O-O-O b4 10. e5 Bb7 11. Qh3 bxc3 $2 (11... dxe5 $1) 12. exf6 cxb2+ 13.
Kb1 Bd5 14. c4 Bxc4 (14... Nc6 15. Qe3 Nxd4 16. Qxd4 Rc8 17. fxg7 {Hunt,A 
(2430)-Bresciani,N (2235), Bratto 2013 (1-0, 26)}) 15. Bxc4 Qxc4 16. Rhe1 Nd7
17. Nxe6 fxe6 18. Rxe6+ Kf7 19. fxg7 Rc8 20. Qf5+ Kg8 21. gxf8=Q+ Nxf8 22. Ree1
h6 23. Bf6 Rh7 24. Qg4+ Kf7 25. Re7+ Kxf6 26. Qh4+ Kf5 27. g4+ Kxf4 28. Qf6+
Kxg4 29. Rg1+ 1-0